000
00334nam a2200133Ia 4500
008
240624s9999 xx 000 0 und d
041
_a
eng
082
_a
823 ZAF
100
_a
ZAFON CARLOS RUIZ
245
_a
PRISONER OF HEAVEN
260
_c
2012
_a
London
_b
Weidenfeld and Nicolson
300
_a
278 : p. : cm. ; 23
365
_c
RS
_b
30
999
_c
19788
_d
19788